Thần thoại Hy Lạp
Zapisane w:
| 1. autor: | |
|---|---|
| Format: | Książka |
| Język: | Undetermined |
| Wydane: |
Văn nghệ Tp HCM
2002
|
| Etykiety: |
Dodaj etykietę
Nie ma etykietki, Dołącz pierwszą etykiete!
|
| Thư viện lưu trữ: | Trung tâm Học liệu Trường Đại học Cần Thơ |
|---|
| LEADER | 00435nam a2200145Ia 4500 | ||
|---|---|---|---|
| 001 | CTU_48735 | ||
| 008 | 210402s9999 xx 000 0 und d | ||
| 082 | |a 398.20938 | ||
| 082 | |b Tr527 | ||
| 100 | |a Thần thoại Hy Lạp | ||
| 245 | 0 | |a Thần thoại Hy Lạp | |
| 245 | 0 | |c Thần thoại Hy Lạp, Huỳnh Phan Anh | |
| 260 | |b Văn nghệ Tp HCM | ||
| 260 | |c 2002 | ||
| 980 | |a Trung tâm Học liệu Trường Đại học Cần Thơ | ||